Monitoring of antibody response to polycyclic aromatic hydrocarbons (PAH) and the possibility of increasing the resistance in organism to PAH by immunization

Bibliographic Details
Main Authors: Lábaj, Juraj (Author), Milcová, Alena (Author), Černohorská, Heda (Author), Topinka, Jan (Author), Lepša, Luděk (Author), Jinoch, Pavel (Author), Klimešová, Šárka (Author)
Format: Article
Language:English
ISBN:9788097012816

MARC

LEADER 00000naa a2200000uu 4500
001 vtls011075897
003 SK-MaSNL
005 20260302111633.0
008 210908|2009 xo |||||||||||||||||eng|
015 |a SNBRA 
035 |a (urnnbn)urn:nbn:sk:snk:ar-a0cef8 
035 |a (uuid)0be26582-dc4c-45af-9a0c-5481c5d0ff12 
035 |a urn:nbn:sk:snk-aavkkp 
040 |a SNKBUCL  |b slo  |c SNKBUCL  |e AACR2 
041 0 |a eng 
044 |a xo  |c SK 
100 1 |a Lábaj, Juraj  |4 aut  |9 26790 
245 1 0 |a Monitoring of antibody response to polycyclic aromatic hydrocarbons (PAH) and the possibility of increasing the resistance in organism to PAH by immunization  |c Juraj Lábaj, Alena Milcová, Heda Černohorská, Jan Topinka, Luděk Lepša, Pavel Jinoch, Šárka Klimešová 
700 1 |a Milcová, Alena  |4 aut  |9 788873 
700 1 |a Černohorská, Heda  |4 aut  |9 789395 
700 1 |a Topinka, Jan  |4 aut  |9 788875 
700 1 |a Lepša, Luděk  |4 aut  |9 789396 
700 1 |a Jinoch, Pavel  |4 aut  |9 789397 
700 1 |a Klimešová, Šárka  |4 aut  |9 789398 
773 0 |t Genetix Toxicology and Cancer Prevention  |d Bratislava : Cancer Research Institute, Slovak Academy of Science, 2009  |g S. 37  |z 9788097012816 
958 |a OND 
958 |a article12 
958 |a chapter 
999 |c 1248402  |d 1250332